The history of mathematics : (Record no. 78977)
[ view plain ]
| 000 -LEADER | |
|---|---|
| fixed length control field | 00897cam a2200217 a 4500 |
| 008 - FIXED-LENGTH DATA ELEMENTS--GENERAL INFORMATION | |
| fixed length control field | 970220s1997 nyua b 001 0 eng |
| 020 ## - INTERNATIONAL STANDARD BOOK NUMBER | |
| International Standard Book Number | 0471180823 (cloth : alk. paper) |
| 040 ## - CATALOGING SOURCE | |
| -- | DLC |
| -- | DLC |
| -- | DLC |
| 082 00 - DEWEY DECIMAL CLASSIFICATION NUMBER | |
| Classification number | 510.9 |
| Edition number | 21 |
| Item number | C776h |
| 100 1# - MAIN ENTRY--PERSONAL NAME | |
| Personal name | Cooke, Roger, |
| Dates associated with a name | 1942- |
| 245 14 - TITLE STATEMENT | |
| Title | The history of mathematics : |
| Remainder of title | a brief course / |
| Statement of responsibility, etc. | Roger Cooke. |
| 260 ## - PUBLICATION, DISTRIBUTION, ETC. | |
| Place of publication, distribution, etc. | New York : |
| Name of publisher, distributor, etc. | Wiley, |
| Date of publication, distribution, etc. | c1997. |
| 300 ## - PHYSICAL DESCRIPTION | |
| Extent | xvii, 530 p. : |
| Other physical details | ill. ; |
| Dimensions | 25 cm. |
| 500 ## - GENERAL NOTE | |
| General note | "A Wiley-Interscience publication." |
| 504 ## - BIBLIOGRAPHY, ETC. NOTE | |
| Bibliography, etc. note | Includes bibliographical references and index. |
| 650 #0 - SUBJECT ADDED ENTRY--TOPICAL TERM | |
| Topical term or geographic name entry element | Mathematics |
| General subdivision | History. |
| 856 42 - ELECTRONIC LOCATION AND ACCESS | |
| Materials specified | Contributor biographical information |
| Uniform Resource Identifier | <a href="http://www.loc.gov/catdir/bios/wiley042/97006046.html">http://www.loc.gov/catdir/bios/wiley042/97006046.html</a> |
| 856 42 - ELECTRONIC LOCATION AND ACCESS | |
| Materials specified | Publisher description |
| Uniform Resource Identifier | <a href="http://www.loc.gov/catdir/description/wiley034/97006046.html">http://www.loc.gov/catdir/description/wiley034/97006046.html</a> |
| 856 41 - ELECTRONIC LOCATION AND ACCESS | |
| Materials specified | Table of contents |
| Uniform Resource Identifier | <a href="http://www.loc.gov/catdir/toc/wiley022/97006046.html">http://www.loc.gov/catdir/toc/wiley022/97006046.html</a> |
| 942 ## - ADDED ENTRY ELEMENTS (KOHA) | |
| Source of classification or shelving scheme | Dewey Decimal Classification |
| Koha item type | General Collections |
| Withdrawn status | Lost status | Source of classification or shelving scheme | Damaged status | Not for loan | Home library | Current library | Shelving location | Date acquired | Total Checkouts | Total Renewals | Full call number | Barcode | Date last seen | Date last checked out | Price effective from | Koha item type |
|---|---|---|---|---|---|---|---|---|---|---|---|---|---|---|---|---|
| Dewey Decimal Classification | Tribhuvan University Central Library | Tribhuvan University Central Library | New Building | 08/05/2016 | 5 | 1 | 510.9 C776h | 154642 | 03/16/2025 | 02/12/2025 | 08/05/2016 | General Collections | ||||
| Dewey Decimal Classification | Tribhuvan University Central Library | Tribhuvan University Central Library | 08/05/2016 | 510.9 C776h | 154643 | 08/05/2016 | 08/05/2016 | General Collections | ||||||||
| Dewey Decimal Classification | Tribhuvan University Central Library | Tribhuvan University Central Library | New Building | 08/05/2016 | 7 | 5 | 510.9 C776h | 154644 | 07/03/2022 | 02/14/2022 | 08/05/2016 | General Collections | ||||
| Dewey Decimal Classification | Tribhuvan University Central Library | Tribhuvan University Central Library | New Building | 08/05/2016 | 9 | 3 | 510.9 C776h | 154645 | 03/10/2022 | 02/14/2022 | 08/05/2016 | General Collections | ||||
| Dewey Decimal Classification | Tribhuvan University Central Library | Tribhuvan University Central Library | New Building | 08/05/2016 | 6 | 3 | 510.9 C776h | 154646 | 03/02/2022 | 02/14/2022 | 08/05/2016 | General Collections |
